000 00605nam a22002057a 4500
003 OSt
005 20220107122721.0
008 130822b xxu||||| |||| 00| 0 eng d
020 _a9781849712743
040 _cIIITM-K
082 0 0 _a363.7 BRO/W
100 1 _aBrown, Lester R
_92073
245 1 0 _aWorld on the edge :
_bHow to prevent environmental and economic collapse
_cby Lester Brown
260 _aLondon,
_bEarthscan,
_c2011.
300 _axii, 240 p.
650 0 _aECONOMIC DEVELOPMENT
_92074
650 0 _aENVIRONMENTAL POLICY
_92075
650 0 _aENVIRONMENTAL PROTECTION
_92076
942 _2ddc
_cBK
999 _c3284
_d3284